Statistiques concernant Géographie par lettre - X

Cliquez ici pour prendre le quiz!

Statistiques générales

  • Ce quiz a été pris 4 920 fois
  • Le résultat moyen est 2 sur 10

Statistiques - réponses

allusionréponse% Correct
Jerez de la Frontera, une ville espagnole, en françaisXérès
62%
Ville de guerriers en terre cuiteXi'an
58%
Le nom de deux rois de l'ancienne PerseXerxès
40%
Ville chinois de la province du Fujian, pop 9 millionXiamen
11%
Ville mexicaine, la capitale de l'état de VeracruzXalapa
8%
Capitale de la dynastie de Kublai KhanXanadu
7%
Des plantes adaptées aux milieux secs, comme des cactusxérophyte
6%
Rivière du Brésil, 2260 km longue, affluent de l'AmazoneXingu
5%
Mexico destination touristique contenant des canaux et des lacsXochimilco
5%
Ville allemande près de la frontière néerlandaiseXanten
4%

Distribution des résultats

Percentile par nombre de réponses

% des personnes avec chaque résultat

Votre développement - résultats

Vous n’avez pas pris ce quiz